[Event "Bayern-chI Bank Hofmann 12th"]
[Site "Bad Wiessee"]
[Date "2008.11.01"]
[Round "1"]
[White "Brink, Gerhard"]
[Black "Zude, Arno"]
[Result "0-1"]
[WhiteElo "1995"]
[BlackElo "2451"]
[PlyCount "104"]
[EventDate "2008.11.01"]
[EventType "swiss"]
[EventRounds "9"]
[EventCountry "GER"]
[SourceTitle "EXT 2009"]
[Source "ChessBase"]
[SourceDate "2008.11.26"]
[SourceVersion "1"]
[SourceVersionDate "2008.11.26"]
[SourceQuality "1"]

1. e4 e5 2. Nf3 Nc6 3. Bb5 a6 4. Ba4 Nf6 5. d3 d6 6. c3 b5 7. Bc2 Be7 8. h3 0-0 9. 0-0 Bb7 10. Bg5 h6 11. Be3 Nb8 12. Nh2 d5 13. Ng4 Nbd7 14. Nd2 dxe4 15. dxe4 Bd6 16. Qe2 Qe7 17. Rad1 Kh8 18. Kh1 Nc5 19. Nxf6 Qxf6 20. Qh5 Ne6 21. g3 Rad8 22. b4 c5 23. a3 Kg8 24. Nb3 c4 25. Nd2 Bc7 26. Kh2 Rd7 27. Qe2 Rfd8 28. Nb1 Nd4 29. cxd4 exd4 30. Bxd4 Rxd4 31. Rxd4 Qxd4 32. Rd1 Qf6 33. Re1 Bb6 34. f4 Bc8 35. e5 Qe7 36. g4 Qh4 37. Rf1 h5 38. f5 hxg4 39. Qxg4 Qxg4 40. hxg4 Bc7 41. Kh3 Bxe5 42. Rd1 Rxd1 43. Bxd1 Bb7 44. Bc2 Kf8 45. g5 Ke7 46. Kg4 Kd6 47. g6 fxg6 48. fxg6 Kd5 49. a4 Kd4 50. axb5 axb5 51. Bf5 Bc6 52. Kg5 Bd6 0-1

[Event "Bayern-chI Bank Hofmann 11th"]
[Site "Bad Wiessee"]
[Date "2007.11.10"]
[Round "1"]
[White "Brink, Gerhard"]
[Black "Prusikin, Michael"]
[Result "0-1"]
[WhiteElo "2037"]
[BlackElo "2564"]
[PlyCount "86"]
[EventDate "2007.11.10"]
[EventType "swiss"]
[EventRounds "9"]
[EventCountry "GER"]
[SourceTitle "CBM 121 Extra"]
[Source "ChessBase"]
[SourceDate "2008.01.10"]
[SourceVersion "1"]
[SourceVersionDate "2008.01.10"]
[SourceQuality "1"]

1. e4 e5 2. Nf3 Nc6 3. Bc4 Nf6 4. Nc3 Nxe4 5. Nxe4 d5 6. Bb5 dxe4 7. Nxe5 Qg5 8. d4 Qxg2 9. Ke2 Bg4+ 10. Nxg4 Qxg4+ 11. Ke1 Qxd1+ 12. Kxd1 0-0-0 13. c3 Ne7 14. Ke2 Nd5 15. Bc4 c6 16. Bb3 f5 17. f3 Re8 18. fxe4 Rxe4+ 19. Kf3 g6 20. Bc2 Re6 21. Bd2 Bd6 22. h3 Rhe8 23. Rhe1 Rxe1 24. Rxe1 Rxe1 25. Bxe1 Kd7 26. Bd2 Be7 27. c4 Nc7 28. Be3 a6 29. b3 Ke6 30. Bf4 Ne8 31. Be5 Bf6 32. Bxf6 Kxf6 33. Bd3 Nc7 34. Bf1 g5 35. Bg2 h5 36. Ke3 Ne8 37. a4 f4+ 38. Kd3 g4 39. hxg4 hxg4 40. Ke4 f3 41. Bf1 Kg5 42. a5 Nd6+ 43. Ke5 g3 0-1

[Event "GER-ch Seniors 11th"]
[Site "Bad Wiessee"]
[Date "1999.04.24"]
[Round "4"]
[White "Jugow, Alexander"]
[Black "Brink, Gerhard"]
[Result "1-0"]
[WhiteElo "2262"]
[BlackElo "1890"]
[PlyCount "61"]
[EventDate "1999.04.21"]
[EventType "swiss"]
[EventRounds "9"]
[EventCountry "GER"]
[SourceTitle "EXT 2002"]
[Source "ChessBase"]
[SourceDate "2001.11.25"]
[SourceVersion "1"]
[SourceVersionDate "2001.11.25"]
[SourceQuality "1"]

1. d4 g6 2. e4 d6 3. Nc3 Nf6 4. Be3 Bg7 5. Qd2 0-0 6. Nf3 Nbd7 7. Be2 c6 8. a4 a5 9. 0-0 Qc7 10. h3 e5 11. Rfd1 Nb6 12. dxe5 dxe5 13. Bc5 Re8 14. Bd6 Qd8 15. Qe3 Nbd7 16. Nxe5 Nxe5 17. Bxe5 Nd7 18. Bxg7 Kxg7 19. Bg4 Re7 20. Bxd7 Rxd7 21. Rxd7 Qxd7 22. Rd1 Qc7 23. Qd4+ Kg8 24. Qd8+ Qxd8 25. Rxd8+ Kg7 26. e5 b6 27. Ne4 Bb7 28. Rd7 Ba6 29. Nd6 Kg8 30. Rxf7 Bc4 31. Rc7 1-0